01651cam a2200325 a 4500999001500000001000900015003000600024005001700030008004100047010001300088020002200101020002500123040007900148050002100227082002000248100002000268245007900288264004800367264001100415300002300426336002600449337002800475338002700503504006600530505042700596650004301023776012501066942001201191952012201203 c6199d619938535970OCoLC20190116104835.0980218t19981998miu b 001 0 eng  a98013574 a0801058090 (pbk.) a9780801058097 (pbk.) aDLCcDLCdBAKERdPGMdNLGGCdBTCTAdYDXCPdUKV3GdGEBAYdKATdOWKdUtOrBLW00aBT876b.K95 199800a236.9221bK99L1 aKyle, Richard G14aThe last days are here again :ba history of the end times /cRichard Kyle 1aGrand Rapids, Mich. :bBaker Books,c[1998] 4c©1998 a255 pages ;c23 cm atextbtxt2rdacontent aunmediatedbn2rdamedia avolumebnc2rdacarrier aIncludes bibliographical references (pages 244-246) and index0 aThe end is upon us -- Apocalypse postponed: early Christianity -- The slumbering apocalypse: medieval Christianity -- The on-again, off-again apocalypse: the Reformation and beyond -- America and the great millennial hope -- Rapture fever: the early years -- Rapture fever: the doom boom has arrived -- Eager for the end: messiahs and prophets -- The end without God: the secular apocalypse -- 2000 and a few afterthoughts 0aEnd of the worldxHistory of doctrines08iOnline version:aKyle, Richard G.tLast days are here again.dGrand Rapids, Mich. : Baker Books, c1998w(OCoLC)742446230 2ddccBK 00102ddc40708NFICaHMCbHMCcGENd2019-01-16g1500.00l0o236.9 K99Lp007247r2019-01-16 00:00:00w2019-01-16yBK